<?xml version="1.0" encoding="UTF-8"?>
<record
    xmlns:xsi="http://www.w3.org/2001/XMLSchema-instance"
    xsi:schemaLocation="http://www.loc.gov/MARC21/slim http://www.loc.gov/standards/marcxml/schema/MARC21slim.xsd"
    xmlns="http://www.loc.gov/MARC21/slim">

  <leader>01591nam a22003137a 4500</leader>
  <controlfield tag="001">457</controlfield>
  <controlfield tag="003">OSt</controlfield>
  <controlfield tag="005">20250703150907.0</controlfield>
  <controlfield tag="008">250703b        |||||||j |||| 00| 1 eng d</controlfield>
  <datafield tag="020" ind1=" " ind2=" ">
    <subfield code="a">9788543103044</subfield>
  </datafield>
  <datafield tag="040" ind1=" " ind2=" ">
    <subfield code="b">por</subfield>
  </datafield>
  <datafield tag="041" ind1=" " ind2=" ">
    <subfield code="h">eng</subfield>
    <subfield code="a">por</subfield>
  </datafield>
  <datafield tag="082" ind1=" " ind2=" ">
    <subfield code="a">IJ 028.5</subfield>
    <subfield code="b">B724d</subfield>
  </datafield>
  <datafield tag="100" ind1=" " ind2=" ">
    <subfield code="a">Books, Herobrine</subfield>
    <subfield code="9">912</subfield>
  </datafield>
  <datafield tag="240" ind1=" " ind2=" ">
    <subfield code="a">Diary of a Minecraft zombie #3</subfield>
  </datafield>
  <datafield tag="245" ind1=" " ind2=" ">
    <subfield code="a">Di&#xE1;rio de um zumbi do Minecraft: </subfield>
    <subfield code="b">F&#xE9;rias do terror  / </subfield>
    <subfield code="c">Books, Herobrine ; Tradu&#xE7;&#xE3;o de Ana Ban.</subfield>
  </datafield>
  <datafield tag="260" ind1=" " ind2=" ">
    <subfield code="a">Rio de Janiero</subfield>
    <subfield code="b">Sextante</subfield>
    <subfield code="c">2015</subfield>
  </datafield>
  <datafield tag="300" ind1=" " ind2=" ">
    <subfield code="a">112 p.</subfield>
  </datafield>
  <datafield tag="520" ind1=" " ind2=" ">
    <subfield code="a">Sim, zumbis tamb&#xE9;m tiram f&#xE9;rias! Mas isso n&#xE3;o significa dias tranquilos...Ele sobreviveu ao ano letivo e desafiou um golem de ferro. Escapou de um fofo coelho assassino e encarou Mutante, o aluno novo de 2 metros de altura. Ufa! Acho que o Zumbi merece um descanso, n&#xE3;o?N&#xE3;o!Zumbi, Esquely, Slimey, Creepy e o humano Steve est&#xE3;o de volta, de f&#xE9;rias e com as mochilas prontas para visitar o melhor parque de divers&#xF5;es de todo o Mundo Superior: o Mundo Aterrorizante!Junte-se a eles no brinquedo mais assustador do parque, escale montanhas perigosas e entre no Templo da Selva, onde se encontra a rara esmeralda do desejo, capaz de realizar qualquer pedido.Embarque Nas Melhores F&#xE9;rias Zumbis De Todos Os Tempos!
</subfield>
  </datafield>
  <datafield tag="650" ind1=" " ind2="0">
    <subfield code="a">Infantojuvenil</subfield>
    <subfield code="9">200</subfield>
  </datafield>
  <datafield tag="650" ind1=" " ind2="0">
    <subfield code="a">Zumbi</subfield>
    <subfield code="9">914</subfield>
  </datafield>
  <datafield tag="650" ind1=" " ind2="0">
    <subfield code="a">Minecraft</subfield>
    <subfield code="9">915</subfield>
  </datafield>
  <datafield tag="650" ind1=" " ind2="0">
    <subfield code="a">Aventura</subfield>
    <subfield code="9">47</subfield>
  </datafield>
  <datafield tag="655" ind1=" " ind2="0">
    <subfield code="a">Fic&#xE7;&#xE3;o </subfield>
    <subfield code="9">22</subfield>
  </datafield>
  <datafield tag="655" ind1=" " ind2="0">
    <subfield code="a">Romance</subfield>
    <subfield code="9">23</subfield>
  </datafield>
  <datafield tag="700" ind1=" " ind2=" ">
    <subfield code="a">Ana Ban</subfield>
    <subfield code="e">Tradutor</subfield>
    <subfield code="9">203</subfield>
  </datafield>
  <datafield tag="830" ind1=" " ind2=" ">
    <subfield code="a">Di&#xE1;rio de um Zumbi do Minecraft</subfield>
    <subfield code="9">913</subfield>
    <subfield code="v">vol. 03</subfield>
  </datafield>
  <datafield tag="942" ind1=" " ind2=" ">
    <subfield code="2">ddc</subfield>
    <subfield code="n">0</subfield>
    <subfield code="c">BK</subfield>
  </datafield>
  <datafield tag="952" ind1=" " ind2=" ">
    <subfield code="0">0</subfield>
    <subfield code="1">0</subfield>
    <subfield code="2">ddc</subfield>
    <subfield code="3">vol 03</subfield>
    <subfield code="4">0</subfield>
    <subfield code="7">0</subfield>
    <subfield code="8">FIC</subfield>
    <subfield code="a">BIBIB</subfield>
    <subfield code="b">BIBIB</subfield>
    <subfield code="c">IJ</subfield>
    <subfield code="d">2025-07-03</subfield>
    <subfield code="e">doa&#xE7;&#xE3;o</subfield>
    <subfield code="l">0</subfield>
    <subfield code="o"> IJ 028.5 / B724d</subfield>
    <subfield code="p">2025-17388</subfield>
    <subfield code="r">2025-07-03 15:05:24</subfield>
    <subfield code="w">2025-07-03</subfield>
    <subfield code="y">BK</subfield>
  </datafield>
  <datafield tag="999" ind1=" " ind2=" ">
    <subfield code="c">457</subfield>
    <subfield code="d">457</subfield>
  </datafield>
</record>
